Historia de la arquitectura / (Record no. 106049)

MARC details
000 -LEADER
campo de control de longitud fija 01097cam a2200361Ka 4500
001 - NÚMERO DE CONTROL
campo de control 60220
005 - FECHA Y HORA DE LA ÚLTIMA TRANSACCIÓN
campo de control 20230411085710.0
008 - DATOS DE LONGITUD FIJA--INFORMACIÓN GENERAL
campo de control de longitud fija 020924s2001 sp a 001 0 spa d
035 ## - NÚMERO DE CONTROL DEL SISTEMA
Número de control de sistema (OCoLC)ocm50659264
040 ## - FUENTE DE CATALOGACIÓN
Centro catalogador/agencia de origen DZM
Centro/agencia transcriptor DZM
Centro/agencia modificador OCLCQ
-- PL#
020 ## - NÚMERO INTERNACIONAL ESTÁNDAR DEL LIBRO
Número Internacional Estándar del Libro 8489396604 (HC) :
Condiciones de disponibilidad $59.95
020 ## - NÚMERO INTERNACIONAL ESTÁNDAR DEL LIBRO
Número Internacional Estándar del Libro 9788489396609 (HC)
029 1# - OTRO NÚMERO DE CONTROL DE SISTEMA (OCLC)
Identificador de la biblioteca OCLC PL#
Número de control de sistema 060006713
035 ## - NÚMERO DE CONTROL DEL SISTEMA
Número de control de sistema (OCoLC)50659264
041 1# - CÓDIGO DE IDIOMA
Código de lengua del texto/banda sonora o título independiente spa
Código de lengua del sumario o resumen eng
092 ## - ASIGNACIÓN LOCAL DE SIGNATURA TOPOGRÁFICA DEWEY (OCLC)
Número de clasificación 720.9
Número de ítem GLANCEY
049 ## - FONDOS LOCALES (OCLC)
Biblioteca depositaria GRAL
050 14 - SIGNATURA TOPOGRÁFICA DE LA BIBLIOTECA DEL CONGRESO
-- 545 2001
100 1# - ENTRADA PRINCIPAL--NOMBRE DE PERSONA
Nombre de persona Glancey, Jonathan.
240 10 - TÍTULO UNIFORME
Título uniforme Story of architecture.
Lenguaje de la obra Spanish
245 10 - MENCIÓN DEL TÍTULO
Título Historia de la arquitectura /
Mención de responsabilidad, etc. Jonathan Glancey ; traducción, Rosa Cano Camarasa.
250 ## - MENCION DE EDICION
Mención de edición 1. ed. en lengua española.
260 ## - PUBLICACIÓN, DISTRIBUCIÓN, ETC.
Lugar de publicación, distribución, etc. Barcelona :
Nombre del editor, distribuidor, etc. Art Blume,
Fecha de publicación, distribución, etc. 2001.
300 ## - DESCRIPCIÓN FÍSICA
Extensión 240 p. :
Otras características físicas col. ill. ;
Dimensiones 29 cm.
500 ## - NOTA GENERAL
Nota general Translation of: The story of architecture.
500 ## - NOTA GENERAL
Nota general Includes index.
650 #0 - PUNTO DE ACCESO ADICIONAL DE MATERIA--TÉRMINO DE MATERIA
Término de materia o nombre geográfico como elemento de entrada Architecture
Subdivisión general History.
650 #7 - PUNTO DE ACCESO ADICIONAL DE MATERIA--TÉRMINO DE MATERIA
Término de materia o nombre geográfico como elemento de entrada Arquitectura
Subdivisión general Historia.
Fuente del encabezamiento o término bidex
938 ## -
-- Puvill Libros
-- PUVL
-- 8489396604
-- $46.87
942 ## - ELEMENTOS DE ENTRADA SECUNDARIOS (KOHA)
Fuente del sistema de clasificación o colocación Clasificación de Library of Congress
Tipo de ítem Koha
946 ## - PROCESAMIENTO DE INFORMACIÓN LOCAL (OCLC)
a clperez
994 ## -
-- C0
-- DRFGD
Holdings
Estatus retirado Estado de pérdida Fuente del sistema de clasificación o colocación Estado de daño No para préstamo Colección Biblioteca de origen Biblioteca actual Ubicación en estantería Fecha de adquisición Signatura topográfica completa Código de barras Visto por última vez Copia número Tipo de ítem Koha
    Clasificación de Library of Congress     Automatización y Procesos Técnicos Biblioteca Juan Bosch Biblioteca Juan Bosch Automatización y Procesos Técnicos (1er. Piso) 11/04/2023 G545 2001 00000060997 17/02/2019 1